• 首页
  • 本馆介绍
  • 公告通知
  • 最新文献
  • 馆藏检索
  • 电子资源
  • 读者导购
  • 参考咨询
  • 我的图书馆
  • 登录
  • 详细信息显示
  • 放入我的书架
  • 预约/预借图书
  • 作者相关作品
  • 分类相关作品
  • 丛书相关作品
  • 出版社相关作品

书目信息

  • 表格格式
  • 工作单格式
  • 卡片格式
题名:
德国
    
 
作者: 王彦康 , 易鑫 , 曾秋韵 编著
分册:  
出版信息: 北京   中国建筑工业出版社  2016
页数: 319页
开本: 20cm
丛书名:
单 册:
中图分类: TU-865.16 , TU-86
科图分类:
主题词: 建筑艺术--介绍--德国
电子资源:
ISBN: 978-7-112-17770-7
000 00952nam0 2200277 450
001 2276883722
005 20221012212141.10
010    @a978-7-112-17770-7@dCNY68.00
100    @a20160704d2016 em y0chiy50 ea
101 0  @achi
102    @aCN@b110000
105    @aab z 000yy
200 1  @a德国@9de guo@b专著@dGermany@zeng@f王彦康,易鑫,曾秋韵编著
210    @a北京@c中国建筑工业出版社@d2016
215    @a319页@c图,地图,照片@d20cm
300    @a世界建筑旅行地图
330    @a本书收录德国的商业建筑、宗教建筑、科教建筑、办公建筑、特色片区、交通建筑、观演建筑、古城保护等各类历史建筑、现当代建筑及物质文化遗产400余处,配以详细的地图、交通信息和简介。
510 1  @aGermany@zeng
606 0  @a建筑艺术@x介绍@y德国
690    @aTU-865.16@v5
690    @aTU-86@v4
701  0 @a王彦康@9wang yan kang@4编著
701  0 @a易鑫@9yi xin@4编著
701  0 @a曾秋韵@9zeng qiu yun@4编著
801  0 @aCN@b91MARC@c20160705
905    @aZUCC@dTU-86@e8
    
    德国=Germany/王彦康,易鑫,曾秋韵编著.-北京:中国建筑工业出版社,2016
    319页:图,地图,照片;20cm
    世界建筑旅行地图
    
    ISBN 978-7-112-17770-7:CNY68.00
    本书收录德国的商业建筑、宗教建筑、科教建筑、办公建筑、特色片区、交通建筑、观演建筑、古城保护等各类历史建筑、现当代建筑及物质文化遗产400余处,配以详细的地图、交通信息和简介。
●
相关链接 在五车中查询图书 在当当中查询图书 在豆瓣中查询图书


正题名:德国     索取号:TU-86/8         预约/预借

序号 登录号 条形码 馆藏地/架位号 状态 备注
1 2000914321   2000914321   第三书库/ [索取号:TU-86/8] 在馆    
2 2000914322   2000914322   第三书库/ [索取号:TU-86/8] 在馆    
3 2000914323   2000914323   第三书库/ [索取号:TU-86/8] 在馆    
山东省滨州职业学院图书馆 欢迎您!
大连网信软件有限公司© 版权所有